Quiz Sur les drapeaux - Statistiques

Statistiques générales
  • Ce quiz a été pris 451 fois
  • Le résultat moyen est 13 sur 16
Statistiques - réponses
Par images Réponse % Correct
France
100%
suisse
99%
Espagne
96%
Portugal
96%
Allemagne
94%
Grèce
88%
Italie
86%
Croatie
85%
Belgique
82%
Angleterre
75%
États-Unis
73%
Écosse
72%
Pays-Bas
70%
Bosnie-Herzégovine
60%
Malte
56%
Monténégro
52%
Aucun quiz correspondant
Distribution des résultats
% des personnes avec chaque résultat
Percentile par nombre de réponses
Votre historique - résultats
Vous n’avez pas pris ce quiz